Flughafencodes Nordamerika #2 - Statistiken

Allgemein
  • Dieses Quiz wurde 52 mal gespielt
  • Das Durchschnittsergebnis liegt bei 14 aus 15
Antwortstatistiken
Hint Antwort % Korrekt
Boston BOS
100%
Charlotte CLT
100%
Cancun CUN
98%
Las Vegas LAS
98%
Mexiko-Stadt MEX
98%
Seattle SEA
98%
Tijuana TIJ
98%
Panama-Stadt PTY
95%
Detroit DTW
93%
New York City JFK
90%
Los Angeles LAX
88%
Vancouver YVR
88%
Dallas DFW
85%
Houston IAH
85%
Montréal YUL
68%
Keine übereinstimmenden Quizze gefunden
Verteilung der Resultate
Anzahl Personen mit jedem Resultat
Perzentil nach korrekt beantworteten Fragen
Ihre Resultats-Entwicklung
Sie haben dieses Quiz noch nicht gespielt